[Event "IX Weekend B"]
[Site "Porto Sant'Elpidio ITA"]
[Date "2006.11.19"]
[Round "3"]
[White "Medorini, Massimiliano"]
[Black "Macellari, Giordano"]
[Result "1-0"]
[WhiteElo "1695"]
[BlackElo "1398"]
[PlyCount "124"]
[EventDate "2006.11.18"]

1. Nf3 Nf6 2. g3 d5 3. c4 e6 4. cxd5 exd5 5. Bg2 Be6 6. O-O Qd7 7. d4 Bh3 8.
Nc3 Bxg2 9. Kxg2 Ne4 10. Qb3 c6 11. Ne5 Qc7 12. Bf4 Qb6 13. Qc2 Nxc3 14. bxc3
f6 15. Rab1 Qd8 16. Nf3 Bd6 17. Bxd6 Qxd6 18. Qf5 Qd7 19. Qxd7+ Nxd7 20. Rxb7
Ke7 21. Rfb1 Rhb8 22. Nd2 Kd8 23. Kf3 Kc8 24. Rxb8+ Rxb8 25. Rxb8+ Nxb8 26. Nb3
Nd7 27. Nc5 Nxc5 28. dxc5 Kd7 29. Ke3 Ke6 30. Kd4 g6 31. f3 h6 32. h4 g5 33.
hxg5 hxg5 34. g4 f5 35. gxf5+ Kxf5 36. c4 dxc4 37. Kxc4 Ke5 38. e4 a6 39. Kd3
Kf4 40. a3 a5 41. a4 Ke5 42. Ke3 Kf6 43. f4 gxf4+ 44. Kxf4 Ke6 45. e5 Kf7 46.
Kf5 Ke7 47. e6 Ke8 48. e7 Kxe7 49. Ke5 Kd7 50. Kf6 Kd8 51. Ke6 Kc7 52. Ke7 Kb7
53. Kd7 Ka7 54. Kxc6 Ka6 55. Kc7 Ka7 56. c6 Ka8 57. Kd8 Kb8 58. c7+ Ka7 59.
c8=Q Kb6 60. Qc4 Kb7 61. Qb5+ Ka7 62. Kc7 Ka8 1-0

[Event "IX Weekend B"]
[Site "Porto Sant'Elpidio ITA"]
[Date "2006.11.19"]
[Round "3"]
[White "Menichelli, Alessandro"]
[Black "Menichelli, Mario"]
[Result "1-0"]
[WhiteElo "1571"]
[BlackElo "1332"]
[PlyCount "63"]
[EventDate "2006.11.18"]

1. e4 Nf6 2. e5 Nd5 3. c4 Nb4 4. a3 N4a6 5. d4 e6 6. b4 c6 7. c5 d5 8. exd6 b6
9. g3 g6 10. Nf3 Bg7 11. Bb2 O-O 12. Nc3 Nd7 13. Bg2 f6 14. Qb3 Qe8 15. O-O
bxc5 16. dxc5 Naxc5 17. bxc5 Nxc5 18. Qc2 Ba6 19. Rfd1 Rb8 20. Na4 Rxb2 21.
Qxc5 Rb7 22. Nd4 f5 23. Bxc6 Qc8 24. Bxb7 Qxb7 25. Rab1 Qe4 26. Nc3 Qa8 27.
Nxe6 Rc8 28. Nc7 Rxc7 29. dxc7 Bb7 30. Rd8+ Kf7 31. Re1 Bh1 32. Qe7# 1-0

[Event "IX Weekend B"]
[Site "Porto Sant'Elpidio ITA"]
[Date "2006.11.19"]
[Round "3"]
[White "Rinaldi, Raffaele"]
[Black "Lestini, Daniel"]
[Result "1-0"]
[WhiteElo "1661"]
[BlackElo "1392"]
[PlyCount "105"]
[EventDate "2006.11.18"]

1. e4 e5 2. Nf3 Nc6 3. Bb5 d6 4. d4 a6 5. Bxc6+ bxc6 6. dxe5 Be7 7. O-O dxe5 8.
Qxd8+ Bxd8 9. Nxe5 Bb7 10. Nc3 Bf6 11. Bf4 Ne7 12. Rad1 O-O 13. Rd7 Rac8 14.
Rfd1 Rfe8 15. Bg3 Ng6 16. Nxg6 hxg6 17. f3 Bxc3 18. bxc3 f5 19. exf5 gxf5 20.
Bxc7 Re2 21. Rd8+ Kh7 22. Rxc8 Bxc8 23. Rd8 Be6 24. Re8 Kg6 25. Kf1 Kf7 26.
Kxe2 Kxe8 27. a4 f4 28. Bxf4 Bf5 29. Kd2 Ke7 30. c4 Ke6 31. h4 Kf6 32. a5 Be6
33. Kc3 g6 34. Kd4 Ke7 35. g4 Kf7 36. Bg5 Bd7 37. Kc5 Be6 38. c3 Kg7 39. Kxc6
Bxc4 40. f4 Kf7 41. f5 Kg7 42. f6+ Kf7 43. Kc5 Be2 44. c4 Ke8 45. Kd5 Bxg4 46.
c5 Kd7 47. c6+ Kc7 48. f7 Bf3+ 49. Kc5 Bxc6 50. f8=Q Kb7 51. Qe7+ Ka8 52. Kxc6
Kb8 53. Qb7# 1-0

[Event "IX Weekend B"]
[Site "Porto Sant'Elpidio ITA"]
[Date "2006.11.19"]
[Round "3"]
[White "Ripa', Daniele"]
[Black "Paci, Paolo"]
[Result "0-1"]
[WhiteElo "1587"]
[BlackElo "1566"]
[PlyCount "64"]
[EventDate "2006.11.18"]

1. e4 c5 2. Nf3 d6 3. d4 cxd4 4. Nxd4 Nc6 5. Nc3 a6 6. Be3 Nf6 7. f3 e5 8. Nb3
Be7 9. Qd2 Be6 10. O-O-O O-O 11. g4 Rc8 12. Kb1 b5 13. g5 Nh5 14. h4 g6 15. Bh3
Bxh3 16. Rxh3 Qd7 17. Rh2 Qe6 18. Nd5 Bd8 19. Qd3 Ba5 20. f4 exf4 21. Nxf4 Nxf4
22. Bxf4 Rfd8 23. h5 Qg4 24. Qe3 Qxd1+ 25. Nc1 Qd4 26. Qh3 Qxe4 27. Nd3 Ne5 28.
hxg6 Qxg6 29. Qf1 Nxd3 30. Qxd3 Qxd3 31. cxd3 Re8 32. Rh1 Re2 0-1

[Event "IX Weekend B"]
[Site "Porto Sant'Elpidio ITA"]
[Date "2006.11.25"]
[Round "4"]
[White "Agostini, Renzo"]
[Black "Santarelli, Enrico"]
[Result "1-0"]
[WhiteElo "1413"]
[BlackElo "1731"]
[PlyCount "92"]
[EventDate "2006.11.18"]

1. e4 e5 2. Nf3 Nc6 3. Bb5 a6 4. Ba4 Nf6 5. O-O b5 6. Bb3 Bc5 7. c3 d6 8. d4
Bb6 9. h3 O-O 10. Re1 Bb7 11. Bg5 Re8 12. Bc2 Nb8 13. Nbd2 Nbd7 14. Nf1 h6 15.
Bh4 Nf8 16. N1h2 Ng6 17. Bg3 Nh5 18. Nf1 Qf6 19. Bh2 Rad8 20. d5 Nhf4 21. Ne3
c6 22. Bb3 cxd5 23. Bxd5 Bxd5 24. exd5 Rc8 25. Rc1 a5 26. Qc2 Nxh3+ 27. Kh1
Nhf4 28. Ng4 Qd8 29. Bg3 Nxd5 30. Rcd1 Nge7 31. Bh4 Qd7 32. Nfh2 Qb7 33. Qd2 f5
34. Nxh6+ gxh6 35. Qxh6 Kf7 36. Rxd5 Qxd5 37. Qf6+ Kg8 38. Qg5+ Kf8 39. Qh6+
Kg8 40. Qg5+ Kh7 41. Qh5+ Kg7 42. Qg5+ Ng6 43. Qf6+ Kh7 44. Qxf5 Rf8 45. Qh5+
Kg7 46. Ng4 Rh8 1-0

[Event "IX Weekend B"]
[Site "Porto Sant'Elpidio ITA"]
[Date "2006.11.25"]
[Round "4"]
[White "Areni, Matteo"]
[Black "Marsili, Riccardo"]
[Result "1/2-1/2"]
[WhiteElo "1434"]
[BlackElo "1599"]
[PlyCount "100"]
[EventDate "2006.11.18"]

1. e4 d5 2. exd5 Qxd5 3. Nc3 Qa5 4. d4 c6 5. Nf3 Nf6 6. Bd2 Qc7 7. Bc4 Bf5 8.
O-O e6 9. Re1 Be7 10. Ne5 Nbd7 11. Bf4 Qb6 12. Rb1 O-O 13. a3 Nxe5 14. Bxe5 a5
15. Na4 Qd8 16. Bd3 Bxd3 17. Qxd3 b5 18. Nc5 Qd5 19. Bxf6 Bxf6 20. c3 Rfd8 21.
Ne4 Be7 22. Ng3 b4 23. axb4 axb4 24. Qe4 bxc3 25. Qxd5 cxd5 26. bxc3 Bg5 27.
Rb3 Rdc8 28. Ne2 Ra2 29. f4 Bd8 30. Kf1 Ba5 31. Reb1 h6 32. Rb8 Rxb8 33. Rxb8+
Kh7 34. Rf8 Kg6 35. Ra8 Ra1+ 36. Kf2 Kf6 37. Ra7 h5 38. h3 g6 39. g3 Ra2 40.
Kf3 Ra1 41. Kf2 Ra2 42. Kf3 Ra3 43. Kf2 Ra1 44. Kg2 Ra2 45. Kf3 Ra1 46. Kg2 Re1
47. Kf2 Ra1 48. Kg2 Ra3 49. Kf3 Ra1 50. Kg2 Ra2 1/2-1/2

[Event "IX Weekend B"]
[Site "Porto Sant'Elpidio ITA"]
[Date "2006.11.25"]
[Round "4"]
[White "Cellini, Francesco"]
[Black "Cardola, Luca"]
[Result "1/2-1/2"]
[WhiteElo "1527"]
[BlackElo "1700"]
[PlyCount "47"]
[EventDate "2006.11.18"]

1. c4 e5 2. Nc3 Nf6 3. g3 Nc6 4. Bg2 Bc5 5. e4 d6 6. Nf3 Be6 7. d3 Qd7 8. O-O
O-O-O 9. Bg5 h6 10. Bxf6 gxf6 11. a3 h5 12. b4 Bd4 13. Nxd4 Nxd4 14. Nd5 Bxd5
15. cxd5 h4 16. Rc1 hxg3 17. fxg3 Rh6 18. Rf2 Rdh8 19. Bh1 f5 20. exf5 Nxf5 21.
Qg4 Ne7 22. Qxd7+ Kxd7 23. Rfc2 Rc8 24. Rf1 1/2-1/2

[Event "IX Weekend B"]
[Site "Porto Sant'Elpidio ITA"]
[Date "2006.11.25"]
[Round "4"]
[White "Di Blasio, Walter"]
[Black "Gjoklaj, Shpetim"]
[Result "0-1"]
[WhiteElo "1700"]
[BlackElo "1482"]
[PlyCount "108"]
[EventDate "2006.11.18"]

1. c4 c5 2. Nc3 Nf6 3. Nf3 Nc6 4. g3 e6 5. Bg2 d5 6. cxd5 exd5 7. O-O Be6 8. d3
h6 9. Nd2 Be7 10. a3 Qd7 11. Re1 O-O 12. e4 d4 13. Ne2 Bg4 14. Qc2 Bd6 15. Nc4
b6 16. Nxd6 Qxd6 17. Bf4 Qd7 18. Qc4 Rae8 19. Qa4 Ne5 20. Qxd7 Nfxd7 21. Rad1
f5 22. h3 Bh5 23. Bxe5 Nxe5 24. f4 Nf3+ 25. Bxf3 Bxf3 26. Kf2 fxe4 27. dxe4
Bxe4 28. b4 g5 29. bxc5 bxc5 30. Kg1 Bf3 31. Kf2 Bxe2 32. Rxe2 Rxe2+ 33. Kxe2
gxf4 34. Kf3 fxg3+ 35. Kxg3 Re8 36. Rd3 Kg7 37. a4 Kg6 38. a5 h5 39. Kf4 Kf6
40. Rb3 Re7 41. Rb5 Rc7 42. Ke4 Ke6 43. Rb8 Kd6 44. Rh8 Re7+ 45. Kd3 Re3+ 46.
Kc4 Rc3+ 47. Kb5 Rxh3 48. Rh6+ Kd5 49. a6 Rb3+ 50. Ka4 Kc4 51. Rxh5 Rb1 52. Ka3
Ra1+ 53. Kb2 Rxa6 54. Rh4 Rb6+ 0-1

[Event "IX Weekend B"]
[Site "Porto Sant'Elpidio ITA"]
[Date "2006.11.25"]
[Round "4"]
[White "Macellari, Giordano"]
[Black "Marini, Jacopo"]
[Result "0-1"]
[WhiteElo "1398"]
[BlackElo "1472"]
[PlyCount "132"]
[EventDate "2006.11.18"]

1. e4 e5 2. Nf3 Nc6 3. Bb5 d6 4. d4 exd4 5. Qxd4 Bd7 6. Bxc6 Bxc6 7. Nc3 Nf6 8.
O-O Be7 9. Re1 O-O 10. Bg5 Re8 11. Rad1 a6 12. b4 Nxe4 13. Bxe7 Qxe7 14. Nd2
Qf6 15. Rxe4 Bxe4 16. Qxf6 gxf6 17. Ncxe4 Kg7 18. c4 Re6 19. Kf1 Rae8 20. Ng3
Kg6 21. f4 f5 22. Kf2 h5 23. h4 Re3 24. Ngf1 Re2+ 25. Kg1 Re1 26. Rxe1 Rxe1 27.
Nb3 Re4 28. g3 Rxc4 29. a3 Rc3 30. Nfd2 Rxg3+ 31. Kf2 Rg4 32. Ke3 Rxh4 33. Nf3
Rh3 34. Kf2 Rh1 35. Ng1 Rh2+ 36. Kg3 Ra2 37. Kh4 Rxa3 38. Na5 b6 39. Nc6 Re3
40. Nh3 d5 41. Ng5 Re1 42. Nh3 a5 43. bxa5 bxa5 44. Nxa5 d4 45. Nc6 d3 46. Ne5+
Kf6 47. Nxd3 Re3 48. Ne5 Ke6 49. Ng5+ Kd5 50. Kxh5 f6 51. Kg6 fxe5 52. fxe5
Rxe5 53. Nf3 c5 54. Kg5 c4 55. Kf4 Re8 56. Kxf5 Rf8+ 57. Kg4 Ke4 58. Nd2+ Kd3
59. Nxc4 Kxc4 60. Kg5 Kd5 61. Kg4 Ke4 62. Kg5 Ke5 63. Kg4 Rf1 64. Kg5 Rg1+ 65.
Kh6 Kf5 66. Kh5 Rh1# 0-1

[Event "IX Weekend B"]
[Site "Porto Sant'Elpidio ITA"]
[Date "2006.11.25"]
[Round "4"]
[White "Menichelli, Mario"]
[Black "Ripa', Daniele"]
[Result "0-1"]
[WhiteElo "1332"]
[BlackElo "1587"]
[PlyCount "36"]
[EventDate "2006.11.18"]

1. Nf3 Nf6 2. d3 g6 3. g3 Bg7 4. Nc3 O-O 5. Be3 d5 6. Qd2 Ng4 7. Bf4 e5 8. h3
exf4 9. hxg4 fxg3 10. Bg2 gxf2+ 11. Kxf2 Bxg4 12. Qf4 h5 13. Ng5 c6 14. Rae1
Bh6 15. Ne6 Qb6+ 16. Qd4 fxe6+ 17. Kg1 Qxd4+ 18. Kh2 Bf4# 0-1

[Event "IX Weekend B"]
[Site "Porto Sant'Elpidio ITA"]
[Date "2006.11.25"]
[Round "4"]
[White "Morelli, Basilio"]
[Black "Cesarini, Francesco"]
[Result "1-0"]
[WhiteElo "1467"]
[BlackElo "1413"]
[PlyCount "37"]
[EventDate "2006.11.18"]

1. d4 d5 2. c4 c6 3. Nc3 Nf6 4. Bg5 Nbd7 5. e3 e6 6. Nf3 Qb6 7. Qc2 Be7 8. c5
Qc7 9. Bf4 Qd8 10. Bd3 h6 11. O-O g5 12. Bg3 Nh5 13. b4 Nxg3 14. fxg3 h5 15.
Bg6 Nf8 16. Bxf7+ Kxf7 17. Ne5+ Ke8 18. Nf7 Qd7 19. Nxh8 $139 1-0

[Event "IX Weekend B"]
[Site "Porto Sant'Elpidio ITA"]
[Date "2006.11.25"]
[Round "4"]
[White "Piergentili, Roberto"]
[Black "Di Mantino, Mauro"]
[Result "0-1"]
[WhiteElo "1721"]
[BlackElo "1482"]
[PlyCount "130"]
[EventDate "2006.11.18"]

1. d4 Nf6 2. c4 g6 3. Nc3 Bg7 4. e4 d6 5. f3 O-O 6. Be3 b6 7. Bd3 Bb7 8. Qd2 c5
9. d5 e6 10. Nge2 exd5 11. cxd5 Nbd7 12. O-O a6 13. Rad1 b5 14. Ng3 Re8 15.
Rfe1 Ne5 16. Nce2 Nxd3 17. Qxd3 Nd7 18. b3 Qa5 19. Qc2 Ne5 20. Bd2 Qb6 21. Be3
Rac8 22. h4 Qc7 23. h5 c4 24. hxg6 hxg6 25. bxc4 Qxc4 26. Qxc4 Rxc4 27. Rc1 Nd3
28. Rxc4 bxc4 29. Rb1 Bxd5 30. exd5 Rxe3 31. Rb8+ Kh7 32. Rb6 Nc1 33. Nxc1 Re1+
34. Kf2 Rxc1 35. Rxa6 Bd4+ 36. Ke2 Rc2+ 37. Kd1 Rxg2 38. Ne4 Be5 39. Nxd6 Bxd6
40. Rxd6 Rxa2 41. Rc6 Ra5 42. d6 Rd5+ 43. Kc2 Kg7 44. Kc3 Kf6 45. Kxc4 Rd1 46.
Ra6 Ke6 47. Kc5 Rd5+ 48. Kc4 Rxd6 49. Ra3 Kf5 50. Re3 Kf4 51. Ra3 Rd1 52. Rb3
Rf1 53. Kd5 Rxf3 54. Rb4+ Kg3 55. Ke5 f6+ 56. Ke6 g5 57. Rb8 f5 58. Kf6 g4 59.
Rg8 Kf4 60. Rg5 Ke4 61. Rg8 Ke3 62. Re8+ Kf2 63. Kg5 g3 64. Ra8 g2 65. Ra2+ Kg1
0-1

[Event "IX Weekend B"]
[Site "Porto Sant'Elpidio ITA"]
[Date "2006.11.25"]
[Round "4"]
[White "Procaccini, Luciano"]
[Black "Brugnoni, Mauro"]
[Result "1-0"]
[WhiteElo "1682"]
[BlackElo "1589"]
[PlyCount "51"]
[EventDate "2006.11.18"]

1. c4 Nf6 2. Nc3 e6 3. Nf3 b6 4. e4 d6 5. d4 Bb7 6. Bd3 Nbd7 7. O-O h6 8. a3 a6
9. Bf4 Nh5 10. Be3 g6 11. b4 Bg7 12. Rc1 O-O 13. Qd2 Kh7 14. h3 Nhf6 15. Nh2
Rc8 16. Qc2 c5 17. Nf3 cxd4 18. Bxd4 Qc7 19. Qe2 Rfd8 20. g4 d5 21. cxd5 exd5
22. Nxd5 Qd6 23. Nxf6+ Nxf6 24. Qe3 Ne8 25. Bxg7 Rxc1 26. Qxh6+ 1-0

[Event "IX Weekend B"]
[Site "Porto Sant'Elpidio ITA"]
[Date "2006.11.25"]
[Round "4"]
[White "Ragnini, Damiano"]
[Black "Medorini, Massimiliano"]
[Result "0-1"]
[WhiteElo "1580"]
[BlackElo "1695"]
[PlyCount "134"]
[EventDate "2006.11.18"]

1. e4 e6 2. d4 d5 3. e5 c5 4. c3 Nc6 5. Nf3 Bd7 6. Bd3 Qb6 7. O-O cxd4 8. cxd4
Nxd4 9. Nxd4 Qxd4 10. Nc3 a6 11. Re1 Ne7 12. Qc2 Ng6 13. Be3 Qxe5 14. f4 Nxf4
15. Bxf4 Qxf4 16. Nxd5 Qd4+ 17. Ne3 Rc8 18. Qd1 Bc5 19. Kh1 O-O 20. Bxh7+ Kxh7
21. Qh5+ Kg8 22. Rad1 g6 23. Qg5 Qxb2 24. Ng4 Bd4 25. Rxd4 Qxd4 26. Nf6+ Qxf6
27. Qxf6 Rc2 28. h4 Bc6 29. Rg1 Rc8 30. h5 gxh5 31. Qg5+ Kf8 32. Qh6+ Ke7 33.
Qg5+ Kd7 34. Qf6 Bd5 35. Qxf7+ Kc6 36. a4 Kb6 37. Qf4 Ra2 38. Qe3+ Ka5 39. Qe1+
Kxa4 40. Qd1+ Rcc2 41. Qd4+ Ka5 42. Kh2 Rxg2+ 43. Rxg2 Rxg2+ 44. Kh3 b5 45. Qc5
Ka4 46. Qd4+ b4 47. Qa1+ Ra2 48. Qd1+ Kb5 49. Qxh5 b3 50. Qe8+ Kc4 51. Qc8+ Kd3
52. Qc1 Rc2 53. Qa3 Kc3 54. Kg3 Rg2+ 55. Kf4 Kc2 56. Qc5+ Kb1 57. Ke3 Rc2 58.
Qb4 Bc4 59. Qe1+ Rc1 60. Qb4 b2 61. Kd2 Rc2+ 62. Kd1 e5 63. Qa3 e4 64. Ke1 e3
65. Qb4 e2 66. Qa5 Rc1+ 67. Kf2 e1=Q+ 0-1

[Event "IX Weekend B"]
[Site "Porto Sant'Elpidio ITA"]
[Date "2006.11.25"]
[Round "4"]
[White "Rinaldi, Raffaele"]
[Black "Menichelli, Alessandro"]
[Result "0-1"]
[WhiteElo "1661"]
[BlackElo "1571"]
[PlyCount "102"]
[EventDate "2006.11.18"]

1. e4 e6 2. d4 d5 3. Bd3 dxe4 4. Bxe4 Nf6 5. Bd3 c5 6. c3 Nc6 7. Nf3 Bd7 8. Bf4
Qb6 9. Qb3 Qxb3 10. axb3 cxd4 11. cxd4 Nb4 12. Ne5 Nxd3+ 13. Nxd3 Nd5 14. Bd2
Bb5 15. Nc5 Bxc5 16. dxc5 O-O 17. Nc3 Nxc3 18. Bxc3 Rfc8 19. b4 b6 20. Bd4 bxc5
21. bxc5 e5 22. Be3 f5 23. f3 a5 24. Kd2 Rd8+ 25. Kc2 Rd3 26. Rhe1 f4 27. Bf2
a4 28. Rxe5 Rad8 29. Re2 Bc4 30. Rc1 Bb3+ 31. Kb1 Rd1 32. Re1 R1d2 33. Rf1 Re2
34. Be1 a3 35. Bc3 axb2 36. Rce1 Bc2+ 37. Kxb2 Rb8+ 38. Ka1 Ra8+ 39. Kb2 Rxg2
40. Rg1 Rxh2 41. Bxg7 Bg6+ 42. Kc3 Rc2+ 43. Kd4 Rd8+ 44. Ke5 Rxc5+ 45. Kxf4
Rf5+ 46. Kg4 Kxg7 47. Re7+ Kf6 48. Rge1 Rd4+ 49. Kg3 Rg5+ 50. Kf2 Rd2+ 51. Ke3
Kxe7 0-1

[Event "IX Weekend B"]
[Site "Porto Sant'Elpidio ITA"]
[Date "2006.11.26"]
[Round "5"]
[White "Brugnoni, Mauro"]
[Black "Agostini, Renzo"]
[Result "1-0"]
[WhiteElo "1589"]
[BlackElo "1413"]
[PlyCount "72"]
[EventDate "2006.11.18"]

1. d4 f5 2. c4 Nf6 3. Nc3 e6 4. Bg5 b6 5. f3 Be7 6. e3 O-O 7. d5 exd5 8. Bxf6
Bxf6 9. Qxd5+ Kh8 10. Qxa8 Nc6 11. Nge2 Qe7 12. Nd5 Qd6 13. O-O-O Ba6 14. Qxf8+
Qxf8 15. Nxf6 Qxf6 16. Nc3 Bc8 17. Bd3 d6 18. Kb1 a6 19. Nd5 Qf7 20. Rhe1 Ne5
21. Bf1 Be6 22. f4 Nc6 23. g3 Na5 24. b3 c6 25. Nxb6 Qc7 26. Na4 d5 27. Nc5 Bf7
28. cxd5 cxd5 29. Rc1 Qb6 30. Nd7 Qb4 31. Rc8+ Bg8 32. Rec1 Nxb3 33. Rxg8+ Kxg8
34. Rc8+ Kf7 35. Ne5+ Kf6 36. Rf8+ Qxf8 1-0

[Event "IX Weekend B"]
[Site "Porto Sant'Elpidio ITA"]
[Date "2006.11.26"]
[Round "5"]
[White "Cardola, Luca"]
[Black "Ragnini, Damiano"]
[Result "0-1"]
[WhiteElo "1700"]
[BlackElo "1580"]
[PlyCount "114"]
[EventDate "2006.11.18"]

1. e4 c5 2. Nf3 Nc6 3. d4 cxd4 4. Nxd4 Nf6 5. Nc3 e5 6. Ndb5 d6 7. Bg5 a6 8.
Na3 b5 9. Bxf6 gxf6 10. Nd5 Bg7 11. Bd3 Be6 12. c3 Bxd5 13. exd5 Ne7 14. Nc2 f5
15. Qd2 f4 16. a4 bxa4 17. Rxa4 O-O 18. g3 Qd7 19. Ra5 f3 20. h4 f5 21. h5 h6
22. Rh4 Qc7 23. Raa4 Qb6 24. Rab4 Qc7 25. g4 a5 26. Ra4 Qd7 27. g5 e4 28. gxh6
Bf6 29. Raxe4 fxe4 30. h7+ Kh8 31. Rxe4 Qh3 32. Qe3 Qxh5 33. Re6 Nxd5 34. Qe4
Qg5 35. Ne3 Nxe3 36. Qxe3 Qxe3+ 37. Rxe3 a4 38. Kd1 a3 39. bxa3 Rxa3 40. Rxf3
Rxc3 41. Kd2 Bg5+ 42. Kxc3 Rxf3 43. Kd4 Rxf2 44. Bb1 Bf4 45. Kd5 Be5 46. Be4
Rf4 47. Bb1 Rd4+ 48. Ke6 Rd1 49. Bf5 Bb2 50. Be4 Rd2 51. Kd7 d5 52. Bf5 d4 53.
Kd6 Rd1 54. Kd5 d3 55. Kc4 d2 56. Bc2 Rc1 57. Kd3 d1=Q+ 0-1

[Event "IX Weekend B"]
[Site "Porto Sant'Elpidio ITA"]
[Date "2006.11.26"]
[Round "5"]
[White "Gjoklaj, Shpetim"]
[Black "Di Mantino, Mauro"]
[Result "1-0"]
[WhiteElo "1482"]
[BlackElo "1482"]
[PlyCount "103"]
[EventDate "2006.11.18"]

1. e4 c5 2. Nf3 d6 3. Nc3 Nf6 4. Bc4 e6 5. d3 Be7 6. O-O O-O 7. Re1 Nc6 8. a3
d5 9. exd5 exd5 10. Ba2 Bg4 11. h3 Bxf3 12. Qxf3 Nd4 13. Qd1 Re8 14. Bg5 Qb6
15. Rb1 c4 16. Bxf6 Bxf6 17. Rxe8+ Rxe8 18. Nxd5 Ne2+ 19. Qxe2 Rxe2 20. Nxb6
axb6 21. Bxc4 Rxc2 22. b3 Bd4 23. Rf1 Kf8 24. g4 Ke7 25. Kg2 f6 26. Kg3 g5 27.
f4 gxf4+ 28. Kxf4 Re2 29. Rf3 Re5 30. a4 h6 31. h4 Kd6 32. Kg3 Ke7 33. Kf4 Kd6
34. Kg3 Ke7 35. Rf5 Rxf5 36. gxf5 Kd6 37. Kf4 Kc5 38. Kg4 Be3 39. Kh5 Kd4 40.
Kg6 Ke5 41. Be6 Bf2 42. d4+ Kxd4 43. Kxf6 Bxh4+ 44. Kg6 Bg5 45. f6 Ke5 46. f7
Be7 47. Bc8 Bf8 48. Bxb7 Ke6 49. Bf3 Ke5 50. Kh7 Ke6 51. Kg8 Ke7 52. Bh5 1-0

[Event "IX Weekend B"]
[Site "Porto Sant'Elpidio ITA"]
[Date "2006.11.26"]
[Round "5"]
[White "Marini, Jacopo"]
[Black "Rinaldi, Raffaele"]
[Result "0-1"]
[WhiteElo "1472"]
[BlackElo "1661"]
[PlyCount "34"]
[EventDate "2006.11.18"]

1. e4 e5 2. Nf3 Nc6 3. Bc4 Bc5 4. d3 d6 5. Ng5 Nh6 6. Nc3 O-O 7. O-O a6 8. Bd5
Nd4 9. Be3 c6 10. Bc4 b5 11. Nf3 bxc4 12. Bxh6 gxh6 13. dxc4 Bg4 14. Kh1 Qf6
15. Rg1 Kh8 16. h3 Nxf3 17. hxg4 Qh4# 0-1

[Event "IX Weekend B"]
[Site "Porto Sant'Elpidio ITA"]
[Date "2006.11.26"]
[Round "5"]
[White "Marinucci, Johnny"]
[Black "Areni, Matteo"]
[Result "1-0"]
[WhiteElo "1667"]
[BlackElo "1434"]
[PlyCount "79"]
[EventDate "2006.11.18"]

1. d4 d5 2. Nf3 Nf6 3. Bf4 Bf5 4. e3 e6 5. c4 c6 6. Qb3 Qb6 7. c5 Qxb3 8. axb3
Nbd7 9. h3 Be7 10. Nc3 O-O 11. b4 b6 12. Ba6 bxc5 13. bxc5 e5 14. Nxe5 Nxe5 15.
Bxe5 Nd7 16. Bg3 Nf6 17. O-O Bc8 18. Bd3 Nh5 19. Bh2 Re8 20. b4 Bd8 21. b5 Bb7
22. b6 axb6 23. Rxa8 Bxa8 24. Ra1 Bb7 25. Ra7 Bc8 26. Ra8 Bb7 27. Rb8 bxc5 28.
dxc5 d4 29. Nd1 dxe3 30. Nxe3 g5 31. Rxb7 Nf4 32. Bc4 Nd5 33. Nxd5 cxd5 34. Bf1
d4 35. g4 Re1 36. Kg2 Kf8 37. Rd7 Bf6 38. c6 Be5 39. Bxe5 Rxe5 40. c7 1-0

[Event "IX Weekend B"]
[Site "Porto Sant'Elpidio ITA"]
[Date "2006.11.26"]
[Round "5"]
[White "Marsili, Riccardo"]
[Black "Morelli, Basilio"]
[Result "1/2-1/2"]
[WhiteElo "1599"]
[BlackElo "1467"]
[PlyCount "52"]
[EventDate "2006.11.18"]

1. c4 c5 2. Nf3 Nf6 3. Nc3 g6 4. g3 Bg7 5. Bg2 Nc6 6. O-O O-O 7. d4 cxd4 8.
Nxd4 a6 9. Nxc6 dxc6 10. Qc2 Bd7 11. e4 e5 12. Rd1 Qc7 13. Be3 b6 14. c5 b5 15.
h3 Be6 16. Rd6 Rfd8 17. Rad1 Ne8 18. Rxd8 Rxd8 19. a3 Rxd1+ 20. Qxd1 Qd7 21.
Qxd7 Bxd7 22. Kf1 Nc7 23. h4 h5 24. Ke2 Be6 25. Kd2 a5 26. Bf1 Bf8 1/2-1/2

[Event "IX Weekend B"]
[Site "Porto Sant'Elpidio ITA"]
[Date "2006.11.26"]
[Round "5"]
[White "Medorini, Massimiliano"]
[Black "Piergentili, Roberto"]
[Result "1-0"]
[WhiteElo "1695"]
[BlackElo "1721"]
[PlyCount "55"]
[EventDate "2006.11.18"]

1. Nf3 Nf6 2. c4 e6 3. b3 b6 4. Bb2 Bb7 5. e3 Bb4 6. Be2 O-O 7. O-O d5 8. d4
Bd6 9. Nbd2 Ne4 10. cxd5 exd5 11. Qc2 Qe7 12. a4 Nd7 13. h3 Rac8 14. Rfe1 c5
15. Qd1 cxd4 16. Nxe4 dxe4 17. Nxd4 Qe5 18. g3 Bc5 19. Bc4 Rcd8 20. Qg4 Nf6 21.
Qf5 Qxf5 22. Nxf5 Bc8 23. Nh6+ gxh6 24. Bxf6 Rd2 25. g4 Be6 26. Red1 Rc2 27.
Rac1 Rb2 28. Bxb2 1-0

[Event "IX Weekend B"]
[Site "Porto Sant'Elpidio ITA"]
[Date "2006.11.26"]
[Round "5"]
[White "Micucci, Alberto"]
[Black "Cesarini, Francesco"]
[Result "1-0"]
[WhiteElo "1461"]
[BlackElo "1413"]
[PlyCount "83"]
[EventDate "2006.11.18"]

1. d4 d5 2. c4 e6 3. Nc3 Nf6 4. Bg5 Be7 5. Nf3 O-O 6. e3 b6 7. Bd3 Bb7 8. cxd5
exd5 9. O-O Nbd7 10. Qc2 g6 11. Rfe1 Re8 12. a3 c5 13. Bb5 c4 14. Qa4 a6 15.
Bxd7 Qxd7 16. Qxd7 Nxd7 17. Bf4 Nf6 18. Ng5 Bf8 19. Na4 Nd7 20. Nh3 b5 21. Nc3
Nf6 22. Be5 Bg7 23. Nf4 Rad8 24. Rab1 g5 25. Nfe2 Bc8 26. Ng3 Be6 27. Rf1 Ng4
28. Bxg7 Kxg7 29. h3 Nf6 30. f4 gxf4 31. Rxf4 Nd7 32. Rbf1 Rg8 33. Nf5+ Kh8 34.
g4 Nf8 35. Nh6 Rg6 36. Nxf7+ Bxf7 37. Rxf7 Ne6 38. Ra7 Ng5 39. Kg2 Rh6 40. Rf5
Nxh3 41. Nxd5 Rc8 42. Nf6 1-0

[Event "IX Weekend B"]
[Site "Porto Sant'Elpidio ITA"]
[Date "2006.11.26"]
[Round "5"]
[White "Paci, Paolo"]
[Black "Cellini, Francesco"]
[Result "1-0"]
[WhiteElo "1566"]
[BlackElo "1527"]
[PlyCount "91"]
[EventDate "2006.11.18"]

1. d4 Nf6 2. Nf3 g6 3. Bf4 d5 4. e3 Bg7 5. Be2 O-O 6. h3 Nbd7 7. O-O c5 8. c4
dxc4 9. Bxc4 cxd4 10. exd4 Nb6 11. Bb3 Bf5 12. Nc3 Nfd5 13. Bd2 Nxc3 14. bxc3
Rc8 15. Re1 Nc4 16. Bxc4 Rxc4 17. Qe2 Rc7 18. Rac1 Qd5 19. Bf4 Rcc8 20. Qxe7
Bxh3 21. c4 Qf5 22. Bg3 Bg4 23. Qxb7 Bxf3 24. gxf3 Bxd4 25. Kg2 Qg5 26. Qe4 Bb6
27. Rh1 Rfe8 28. Qc2 Re6 29. Qc3 h5 30. Rh4 Re2 31. Rf1 Rxa2 32. Qb3 Re2 33.
Qd3 Rce8 34. f4 Qa5 35. f5 Rd2 36. Qf3 Re3 37. Qf4 Qa2 38. fxg6 fxg6 39. Qf6
Rxg3+ 40. Kxg3 Qa3+ 41. Kg2 Qd3 42. Qe6+ Kh7 43. Qf7+ Kh6 44. Qf8+ Kh7 45. Rf4
Bd8 46. Rf7# 1-0

[Event "IX Weekend B"]
[Site "Porto Sant'Elpidio ITA"]
[Date "2006.11.26"]
[Round "5"]
[White "Procaccini, Luciano"]
[Black "Di Blasio, Walter"]
[Result "1-0"]
[WhiteElo "1682"]
[BlackElo "1700"]
[PlyCount "61"]
[EventDate "2006.11.18"]

1. Nf3 Nf6 2. g3 c5 3. Bg2 Nc6 4. d3 d5 5. O-O e5 6. Ng5 h6 7. Nf3 Be6 8. Nbd2
Qd7 9. b3 Bh3 10. c4 d4 11. Re1 Bd6 12. Bh1 g5 13. e4 Nb4 14. Nb1 Bg4 15. a3
Nc6 16. Nbd2 O-O 17. Nf1 a6 18. Qd2 Nh7 19. h4 f6 20. hxg5 fxg5 21. N1h2 Bh5
22. Bg2 Rf7 23. Rf1 Bxf3 24. Bxf3 Nf6 25. Qe2 Raf8 26. Ng4 Nxg4 27. Bxg4 Qe7
28. Bf5 Qf6 29. Qg4 Ne7 30. Be6 Qf3 31. Qxf3 1-0

[Event "IX Weekend B"]
[Site "Porto Sant'Elpidio ITA"]
[Date "2006.11.26"]
[Round "5"]
[White "Ripa', Daniele"]
[Black "Lestini, Daniel"]
[Result "1-0"]
[WhiteElo "1587"]
[BlackElo "1392"]
[PlyCount "57"]
[EventDate "2006.11.18"]

1. e4 e5 2. Nf3 Nc6 3. Bb5 d6 4. O-O Bd7 5. c3 Nf6 6. Re1 Be7 7. d4 a6 8. Ba4
exd4 9. cxd4 d5 10. e5 Ne4 11. Nbd2 Bg4 12. Nxe4 dxe4 13. Rxe4 Bxf3 14. Qxf3 b5
15. Rg4 Nxd4 16. Rxd4 Qxd4 17. Qxa8+ Kd7 18. Qxh8 Qxa4 19. Be3 Qc2 20. Qxg7
Qxb2 21. e6+ Kxe6 22. Qxb2 Bf6 23. Qb3+ Ke7 24. Bc5+ Kd8 25. Rd1+ Kc8 26. Qxf7
Bd8 27. Qd7+ Kb7 28. Qxd8 Kc6 29. Qd5# 1-0